| Tag |
First Indicator |
Second Indicator |
Subfields |
| LEADER |
00000cam a2200000 a 4500 |
| 001 |
in00002040539 |
| 005 |
20151101054555.0 |
| 008 |
890221s1989 nyua b 001 0 eng |
| 010 |
|
|
|a 89001241
|
| 016 |
|
|
|a 910002231
|
| 019 |
|
|
|a 22808238
|
| 020 |
|
|
|a 0029213711 :
|c $24.95
|
| 035 |
|
|
|a (OCoLC)ocm19353637
|
| 040 |
|
|
|a DLC
|c DLC
|d FPT
|d NLC
|d UtOrBLW
|
| 049 |
|
|
|a TXAM
|
| 050 |
0 |
0 |
|a HD31
|b .M4568 1989
|
| 055 |
|
0 |
|a HD31
|b M45693 1989
|
| 082 |
0 |
0 |
|a 658
|2 19
|
| 100 |
1 |
|
|a Mintzberg, Henry.
|
| 245 |
1 |
0 |
|a Mintzberg on management :
|b inside our strange world of organizations /
|c Henry Mintzberg.
|
| 264 |
|
1 |
|a New York :
|b Free Press ;
|a London :
|b Collier Macmillan,
|c [1989]
|
| 264 |
|
4 |
|c ©1989
|
| 300 |
|
|
|a x, 418 pages :
|b illustrations ;
|c 25 cm.
|
| 336 |
|
|
|a text
|b txt
|2 rdacontent
|
| 337 |
|
|
|a unmediated
|b n
|2 rdamedia
|
| 338 |
|
|
|a volume
|b nc
|2 rdacarrier
|
| 504 |
|
|
|a Bibliography: pages [374]-385 and index.
|
| 650 |
|
0 |
|a Management.
|
| 650 |
|
0 |
|a Organization.
|
| 650 |
|
0 |
|a Organizational behavior.
|
| 650 |
|
6 |
|a Gestion.
|
| 650 |
|
6 |
|a Organisation.
|
| 650 |
|
6 |
|a Comportement organisationnel.
|
| 650 |
|
7 |
|a Gestion.
|2 ram
|
| 650 |
|
7 |
|a Organisation.
|2 ram
|
| 650 |
|
7 |
|a Comportement organisationnel.
|2 ram
|
| 856 |
4 |
2 |
|3 Contributor biographical information
|u http://www.loc.gov/catdir/bios/simon051/89001241.html
|t 0
|
| 856 |
4 |
2 |
|3 Publisher description
|u http://www.loc.gov/catdir/description/simon031/89001241.html
|t 0
|
| 994 |
|
|
|a C0
|b TXA
|
| 948 |
|
|
|a cataloged
|b h
|c 2005/6/21
|d c
|e bwalker
|f 1:50:03 pm
|
| 944 |
|
|
|a west,stk
|h REPL<3381056>REP-LATEST<>REF<gmacmill>
|m Replacement on order
|
| 999 |
|
|
|a MARS
|
| 999 |
f |
f |
|s 607e131b-3b41-3239-ac74-7de2e7946b71
|i fe8a5222-6b82-3fb8-a789-3e41d25412e5
|t 0
|
| 952 |
f |
f |
|p ric
|a Texas A&M University
|b Rellis Campus
|c Joint Library Facility
|d Remote Storage
|t 0
|e HD31 .M4568 1989
|h Library of Congress classification
|i unmediated -- volume
|m A14836056939
|
| 998 |
f |
f |
|a HD31 .M4568 1989
|t 0
|l Remote Storage
|